| 000 | 00460nam a2200205Ia 4500 | ||
|---|---|---|---|
| 008 | 210210b1916 xxu||||| |||| 00| 0 eng d | ||
| 041 | _aeng | ||
| 082 | _a930/39 | ||
| 100 | _aHALL (H R) | ||
| 245 | _aAncient history of the near east | ||
| 260 |
_aLondon _bMethuen & Co Ltd. _c1916 |
||
| 650 | _athe | ||
| 650 | _aof | ||
| 650 | _anear | ||
| 650 | _ahistory | ||
| 650 | _aeast | ||
| 650 | _aAncient | ||
| 690 | _aAncient History | ||
| 906 | _a024951 | ||
| 999 |
_c150620 _d150620 |
||